|
|
|
|
| LEADER |
00000naa2a2200000 4500 |
| 001 |
461799 |
| 005 |
20231101085610.0 |
| 035 |
|
|
|a (RuTPU)RU\TPU\prd\125856
|
| 035 |
|
|
|a RU\TPU\tpu\13165
|
| 090 |
|
|
|a 461799
|
| 100 |
|
|
|a 20111128a1989 k y0rusy50 ca
|
| 101 |
0 |
|
|a rus
|
| 102 |
|
|
|a RU
|
| 200 |
1 |
|
|a Температурное поле активного элемента электротехнического устройства
|f В. С. Логинов
|
| 320 |
|
|
|a Библиогр.: 15 назв.
|
| 461 |
|
0 |
|0 (RuTPU)RU\TPU\prd\447
|x 0013-5380
|t Электричество
|o теоретический и научно-практический журнал
|f Академия наук СССР (АН СССР)
|d 1886-
|
| 463 |
|
0 |
|0 (RuTPU)RU\TPU\prd\125855
|t № 4
|v С. 79-82
|d 1989
|
| 610 |
1 |
|
|a электротехнические устройства
|
| 610 |
1 |
|
|a активные элементы
|
| 610 |
1 |
|
|a температурное поле
|
| 610 |
1 |
|
|a труды учёных ТПУ
|
| 700 |
|
1 |
|a Логинов
|b В. С.
|
| 801 |
|
1 |
|a RU
|b 63413507
|c 20061002
|g PSBO
|
| 801 |
|
2 |
|a RU
|b 63413507
|c 20111128
|g RCR
|
| 942 |
|
|
|c BK
|